01194nam a2200301Ia 450000500170000000800410001702000150005810000340007324500630010725000390017030000590020949000230026850000330029150500710032465000520039565000520044765000360049965000350053565000410057070000430061174000720065426400320072633600270075833700330078533800280081804000350084608400110088120220317000606.0160601s2004 ck a g 000 0 spa  a95820042821 aBuenaventura Vidal, Nicolás14aLos cuentos del maestro Nicolás cNicolás Buenaventura a1a. edición b1a. reimpresión  a84 páginasbilustraciones en blanco y negro c19 cm  aMontaña mágica aIncluye datos biográficos  aLa ronda de Dios y el conejo -- La ronda de tío conejo y Micongo142LEMBaCuentos infantiles colombianos ySiglo XX142LEMBaLiteratura infantil colombiana ySiglo XX142LEMBaAnimales en la literatura142LEMBaConejos en la literatura142LEMB aLibros y lectura para niños1 aHernández, Oscar Iváneilustrador  aLa ronda de Dios y el conejo;\\aLa ronda de tío conejo y Micongo aBogotá bMagisterioc2004 atextobtxt2rdacontent asin mediaciónbn2rdamedia avolumenbnc2rdacarrier aCO-BoRNBPbspaerdacCO-BoRNBP aC BUE5